000 00625nam a22002057a 4500
005 20260622123720.0
010 _aENG-144454 ENG-148890
020 _a9789391125707
_c299.00
035 _aEN-127986
035 _aEN-132422
037 _bDBAD
082 _a294.555
_21
100 _aSen, Amiya P
245 _aSarada Devi :
_b Holiness, Charisma And Iconic Motherhood/
_cAmiya P Sen
250 _a1
260 _aNew Delhi
_bNiyogi Books
_c2022
270 _aBlock D, Building No. 77, Okhla Industrial Area, Phase-I
_bNew Delhi
_e110020
300 _a219p.
_c19cm(pb)
942 _2ddc
_cEN
_h294.555
_mSEN
999 _c210658
_d210658